| 000 | 00401nam a2200145Ia 4500 | ||
|---|---|---|---|
| 008 | 100415s9999 xx 000 0 und d | ||
| 082 |
_b20489 _a574 |
||
| 100 | _aNATIONAL GEOGRAPHIC SOCIETY | ||
| 245 | _aThe Curious Naturalist | ||
| 260 |
_aWASHIGTON _c1991 _bNATIONAL GEOGRAPHIC SOCIETY |
||
| 365 | _b0 | ||
| 630 | _aThe Curious Naturalist | ||
| 730 | _aThe Curious Naturalist | ||
| 942 | _cBOOK | ||
| 999 |
_c603386 _d603383 |
||